Los sueños de nuestro Dios

Պահպանված է:
Մատենագիտական մանրամասներ
Հիմնական հեղինակ: Ortega Riquelme, Miguel (autor)
Ձևաչափ: Գիրք
Լեզու:իսպաներեն
Հրապարակվել է: Santiago Paulinas 1987
Շարք:Colección optimismo, 6
Խորագրեր:
Ցուցիչներ: Ավելացրեք ցուցիչ
Չկան պիտակներ, Եղեք առաջինը, ով նշում է այս գրառումը!

MARC

LEADER 00000nam a2200000 a 4500
001 UCY1552
003 CL-VaPUC
008 940907e19870000CL |||||||||||||||||spa|d
082 0 4 |a 248  |b ORT  |2 21 
100 |a Ortega Riquelme, Miguel  |e autor  |9 878476 
245 1 4 |a Los sueños de nuestro Dios 
300 |a 48 p 
942 |c BK 
945 |d 19940907 00:00:00  |a aalvarez 
260 |a Santiago  |b Paulinas  |c 1987 
650 0 |a Amor de Dios  |9 329567 
583 |a last modification  |c 19940907 00:00:00  |k Rodrigo Vera 
490 0 |a Colección optimismo, 6 
999 |c 230221  |d 230219 
952 |0 0  |1 0  |4 0  |6 248_000000000000000_ORT_1987  |7 0  |8 A  |9 232285  |a BIBEDU  |b BIBEDU  |d 2019-11-15  |i 3014770  |o 248 ORT 1987  |p 3014770  |r 2019-11-15  |w 2019-11-15  |y BK  |k EDU